[Event "GRE-chT 48th"]
[Site "Athens"]
[Date "2021.09.11"]
[Round "6.6"]
[White "Ilia, Anastasia"]
[Black "Perakaki, Makrina Eirini"]
[Result "1-0"]
[WhiteElo "1360"]
[BlackElo "1142"]
[PlyCount "65"]
[EventDate "2021.09.07"]
[EventType "team-swiss"]
[EventRounds "7"]
[EventCountry "GRE"]
[SourceTitle "CBM 204 Extra"]
[Source "ChessBase"]
[SourceDate "2021.11.30"]
[SourceVersion "1"]
[SourceVersionDate "2021.11.30"]
[SourceQuality "1"]
[WhiteTeam "Papagou"]
[BlackTeam "Kallytheas"]
[WhiteTeamCountry "GRE"]
[BlackTeamCountry "GRE"]

1. e4 e5 2. Nf3 Nc6 3. Bc4 Bc5 4. c3 Nf6 5. d3 d6 6. 0-0 a6 7. a4 h6 8. Ba2 Ba7 9. Nbd2 g5 10. Nc4 g4 11. Ne1 Nh5 12. g3 Qf6 13. Ne3 Ne7 14. Nxg4 Bxg4 15. Qxg4 Ng7 16. Be3 Ne6 17. Bxa7 Rxa7 18. Qe2 h5 19. Ng2 Ng6 20. f4 exf4 21. Bxe6 Qxe6 22. Nxf4 Nxf4 23. Rxf4 Ra8 24. Raf1 Ke7 25. Qf3 Raf8 26. Rf6 Qb3 27. Qf5 h4 28. Qg5 Ke8 29. Qd5 Qxb2 30. Rxf7 Qb6+ 31. d4 Rxf7 32. Qxf7+ Kd8 33. Qf6+ 1-0

[Event "GRE-chT Online Rapid (Women) 1st"]
[Site "Tornelo INT"]
[Date "2021.02.21"]
[Round "6.1"]
[White "Kiousi, Panagiota"]
[Black "Ilia, Anastasia"]
[Result "1-0"]
[WhiteElo "1920"]
[BlackElo "1360"]
[PlyCount "179"]
[EventDate "2021.02.20"]
[EventType "team-swiss (rapid)"]
[EventRounds "9"]
[EventCountry "GRE"]
[SourceTitle "EXT 2023"]
[Source "ChessBase"]
[SourceDate "2022.10.05"]
[SourceVersion "1"]
[SourceVersionDate "2022.10.05"]
[SourceQuality "1"]

1. e4 d5 2. exd5 Nf6 3. d4 Nxd5 4. c4 Nb6 5. Nc3 c6 6. b3 e6 7. Bb2 Bb4 8. Nf3 0-0 9. Bd3 N8d7 10. 0-0 Nf6 11. Ne2 Nbd7 12. Qc2 Bd6 13. Ng3 c5 14. Rad1 Qc7 15. dxc5 Bxc5 16. Ne4 Nxe4 17. Bxe4 h6 18. Qc3 Nf6 19. Bb1 b6 20. Qc2 Rd8 21. Bxf6 gxf6 22. Qh7+ Kf8 23. Qxh6+ Ke7 24. Nh4 Bd6 25. Ng6+ Kd7 26. Qg7 Bb7 27. Qxf7+ Kc8 28. Qxc7+ Kxc7 29. Rfe1 e5 30. Nh4 Rh8 31. Nf5 Bc5 32. Rd3 Rhg8 33. Rg3 Rxg3 34. hxg3 Rg8 35. Rd1 Bc6 36. Kf1 Kb7 37. f3 Kc7 38. Be4 Bxe4 39. fxe4 Rg4 40. Re1 Kc6 41. Re2 Bb4 42. Kf2 Bc5+ 43. Kf3 Rg5 44. Rd2 Kc7 45. g4 Rg8 46. Rd5 Kc6 47. Nh6 Rf8 48. Nf5 Kc7 49. g3 Kc6 50. Rd1 Kc7 51. Rf1 Kc6 52. Ke2 Kd7 53. Nh4 Ke6 54. Kd3 Rg8 55. Nf5 Rxg4 56. Rh1 Rg8 57. Rh7 Rd8+ 58. Kc3 Rd7 59. Ng7+ Kd6 60. Ne8+ Ke6 61. Rxd7 Kxd7 62. Nxf6+ Ke6 63. Nd5 Bd4+ 64. Kd3 Kf7 65. g4 Kg6 66. Ke2 Kg5 67. Kf3 Bb2 68. a4 Bc1 69. Nc7 Bb2 70. Nb5 a6 71. Nc7 a5 72. Nd5 Bd4 73. b4 Kh4 74. bxa5 bxa5 75. Ne7 Bc3 76. Nc6 Kg5 77. Nd8 Kf6 78. Nb7 Bd4 79. Nxa5 Bb6 80. Nb7 Ke7 81. a5 Ba7 82. a6 Kd7 83. g5 Ke6 84. c5 Ke7 85. c6 Bb6 86. Kg4 Ke6 87. g6 Kf6 88. a7 Bxa7 89. c7 Kxg6 90. c8Q 1-0

[Event "GRE-chT Online Rapid (Women) 1st"]
[Site "Tornelo INT"]
[Date "2021.02.20"]
[Round "3.5"]
[White "Ilia, Anastasia"]
[Black "Alexandri, Dimitra"]
[Result "0-1"]
[WhiteElo "1360"]
[BlackElo "1252"]
[PlyCount "30"]
[EventDate "2021.02.20"]
[EventType "team-swiss (rapid)"]
[EventRounds "9"]
[EventCountry "GRE"]
[SourceTitle "EXT 2023"]
[Source "ChessBase"]
[SourceDate "2022.10.05"]
[SourceVersion "1"]
[SourceVersionDate "2022.10.05"]
[SourceQuality "1"]

1. e4 e5 2. Nf3 Nc6 3. Bc4 Nf6 4. d3 Bc5 5. 0-0 0-0 6. c3 a6 7. a4 h6 8. Nbd2 d6 9. Re1 Bg4 10. Nf1 Ba7 11. Ng3 Nh5 12. Bb3 Nxg3 13. hxg3 Qc8 14. Be3 Bxe3 15. Re2 Ba7 0-1

[Event "GRE-chT 46th"]
[Site "Rio Achaia"]
[Date "2018.07.11"]
[Round "2.14"]
[White "Fragou, Maria V"]
[Black "Ilia, Anastasia"]
[Result "0-1"]
[WhiteElo "1427"]
[BlackElo "1348"]
[PlyCount "70"]
[EventDate "2018.07.10"]
[EventType "team"]
[EventRounds "7"]
[EventCountry "GRE"]
[SourceTitle "CBM 185 Extra"]
[Source "ChessBase"]
[SourceDate "2018.07.29"]
[SourceVersion "1"]
[SourceVersionDate "2018.07.29"]
[SourceQuality "1"]
[WhiteTeam "Kalamata Poseidon"]
[BlackTeam "Papagou AS"]
[WhiteTeamCountry "GRE"]
[BlackTeamCountry "GRE"]

1. e4 d5 2. exd5 Nf6 3. Nf3 Bg4 4. Be2 Nxd5 5. d4 e6 6. h3 Bh5 7. Ne5 Bxe2 8. Qxe2 Nf6 9. c3 c6 10. Nd2 Nbd7 11. Ndf3 h6 12. Bf4 Be7 13. 0-0 0-0 14. Rfd1 Nb6 15. c4 Qe8 16. Nh2 Nbd7 17. Rd3 Nxe5 18. Bxe5 Qd8 19. Ng4 Nxg4 20. Qxg4 Bf6 21. Qg3 Bxe5 22. Qxe5 Qg5 23. Qxg5 hxg5 24. Rg3 f6 25. Re1 Rfe8 26. Rd3 Rad8 27. Red1 Rd6 28. Kf1 Red8 29. Ke2 Kf7 30. a4 a5 31. Ke3 f5 32. f4 gxf4+ 33. Kxf4 Kf6 34. R1d2 g5+ 35. Kf3 c5 0-1

[Event "GRE-ch U12 Girls"]
[Site "Rio Achaia"]
[Date "2015.06.29"]
[Round "5.4"]
[White "Ilia, Anastasia"]
[Black "Koukouraki, Hrisi"]
[Result "0-1"]
[WhiteElo "1270"]
[BlackElo "1049"]
[PlyCount "92"]
[EventDate "2015.06.26"]
[EventType "swiss"]
[EventRounds "9"]
[EventCountry "GRE"]
[SourceTitle "EXT 2024"]
[Source "ChessBase"]
[SourceDate "2023.10.10"]
[SourceVersion "1"]
[SourceVersionDate "2023.10.10"]
[SourceQuality "1"]

1. e4 e6 2. d4 d5 3. Nc3 Nf6 4. Bg5 Be7 5. exd5 exd5 6. Nf3 0-0 7. Be2 Re8 8. Ne5 Bf5 9. 0-0 Ne4 10. Nxe4 Bxe4 11. Bxe7 Rxe7 12. Re1 Nd7 13. Bf3 Nxe5 14. dxe5 Rxe5 15. Qd4 Qe7 16. Bxe4 Rxe4 17. Rxe4 Qxe4 18. Qxe4 dxe4 19. Re1 Rd8 20. Kf1 f5 21. Ke2 Kf7 22. Ke3 Kf6 23. h3 Rd7 24. f3 exf3 25. Kxf3 Rd2 26. Re2 Rxe2 27. Kxe2 Ke6 28. Kf3 Ke5 29. Ke3 a6 30. c3 f4+ 31. Kf3 b6 32. h4 h5 33. g3 fxg3 34. Kxg3 Ke4 35. b3 b5 36. a3 a5 37. a4 bxa4 38. bxa4 c5 39. c4 Kd4 40. Kf4 Kxc4 41. Kg5 Kb3 42. Kxh5 c4 43. Kg6 c3 44. Kxg7 c2 45. h5 c1Q 46. h6 Qxh6+ 0-1

[Event "GRE-ch U12 Girls"]
[Site "Rio Achaia"]
[Date "2015.06.28"]
[Round "4.4"]
[White "Batzoli, Maria"]
[Black "Ilia, Anastasia"]
[Result "1/2-1/2"]
[WhiteElo "1133"]
[BlackElo "1270"]
[PlyCount "104"]
[EventDate "2015.06.26"]
[EventType "swiss"]
[EventRounds "9"]
[EventCountry "GRE"]
[SourceTitle "EXT 2024"]
[Source "ChessBase"]
[SourceDate "2023.10.10"]
[SourceVersion "1"]
[SourceVersionDate "2023.10.10"]
[SourceQuality "1"]

1. e4 d5 2. exd5 Qxd5 3. Nf3 Nf6 4. d4 c6 5. c4 Qd8 6. Nc3 Bg4 7. Be2 e6 8. h3 Bh5 9. 0-0 Bb4 10. Qb3 Qe7 11. Bf4 0-0 12. c5 e5 13. dxe5 Bxc3 14. Qxc3 Nd5 15. Qd4 Nxf4 16. Qxf4 Qxc5 17. Rac1 Qe7 18. g4 Bg6 19. Bc4 Kh8 20. Qg5 Qe8 21. Rfe1 h6 22. Qe3 Qe7 23. Kg2 Nd7 24. e6 Nb6 25. Bb3 Rad8 26. exf7 Qxe3 27. Rxe3 Bxf7 28. Bxf7 Rxf7 29. Ne5 Rf6 30. Rf3 Rxf3 31. Nxf3 Nd5 32. Ne5 Kh7 33. Re1 Re8 34. Nf3 Rf8 35. Kg3 Nf4 36. Re7 b5 37. Rxa7 Nxh3 38. Rc7 Rf6 39. Kxh3 Rxf3+ 40. Kg2 Rf4 41. Kg3 Rc4 42. b3 Rc2 43. Rc8 c5 44. Rc6 b4 45. Ra6 c4 46. bxc4 Rxc4 47. Ra4 Kg6 48. f3 Kf6 49. a3 Ke5 50. Rxb4 Rc3 51. Re4+ Kf6 52. a4 Ra3 1/2-1/2

[Event "GRE-ch U10 Girls"]
[Site "Greece"]
[Date "2014.07.08"]
[Round "7"]
[White "Ilia, Anastasia"]
[Black "Kouta, Antonia"]
[Result "1/2-1/2"]
[WhiteElo "1113"]
[BlackElo "1389"]
[PlyCount "49"]
[EventDate "2014.07.04"]
[EventType "swiss"]
[EventRounds "9"]
[EventCountry "GRE"]
[SourceTitle "EXT 2017"]
[Source "ChessBase"]
[SourceDate "2016.10.25"]
[SourceVersion "1"]
[SourceVersionDate "2016.10.25"]
[SourceQuality "1"]

1. e4 c5 2. Nf3 e6 3. b3 Nf6 4. Nc3 d6 5. Bb5+ Bd7 6. Bxd7+ Qxd7 7. d4 cxd4 8. Nxd4 Nc6 9. Bb2 Be7 10. 0-0 0-0 11. Re1 Rfd8 12. h3 a6 13. a4 Qc7 14. Nf3 Rac8 15. Qe2 d5 16. e5 Nd7 17. Na2 Bf8 18. Rac1 Nc5 19. Rcd1 Nd7 20. Qe3 Nb4 21. Nxb4 Bxb4 22. Re2 h6 23. Kf1 Bc5 24. Bd4 Bxd4 25. Nxd4 1/2-1/2

[Event "GRE-ch U10 Girls"]
[Site "Greece"]
[Date "2014.07.06"]
[Round "4"]
[White "Ilia, Anastasia"]
[Black "Strati, Betty Anna"]
[Result "0-1"]
[WhiteElo "1113"]
[BlackElo "1223"]
[PlyCount "142"]
[EventDate "2014.07.04"]
[EventType "swiss"]
[EventRounds "9"]
[EventCountry "GRE"]
[SourceTitle "EXT 2017"]
[Source "ChessBase"]
[SourceDate "2016.10.25"]
[SourceVersion "1"]
[SourceVersionDate "2016.10.25"]
[SourceQuality "1"]

1. e4 e6 2. d4 d5 3. Nc3 dxe4 4. Nxe4 Bd7 5. Nf3 Bc6 6. Bd3 Nd7 7. Bf4 Be7 8. 0-0 Ngf6 9. Qd2 Bxe4 10. Bxe4 Nxe4 11. Qe3 Nef6 12. c4 0-0 13. Rad1 Nb6 14. b3 Bd6 15. Bg5 Be7 16. Rfe1 c6 17. h3 h6 18. Bf4 Re8 19. Kh1 Qc8 20. Qc1 c5 21. Be5 cxd4 22. Bxd4 Nbd7 23. Qd2 Bc5 24. Bc3 Rd8 25. Qb2 Be7 26. Kg1 Nb6 27. Rxd8+ Qxd8 28. Qc2 Nbd7 29. Rd1 Qc7 30. Qd2 Rd8 31. Qe2 Nc5 32. Re1 Nce4 33. Bd4 Bc5 34. Rd1 Bxd4 35. Rxd4 Rxd4 36. Nxd4 Qf4 37. Qe3 Qxe3 38. fxe3 Kf8 39. b4 Ke7 40. a4 Kd7 41. c5 Nd5 42. Nc2 b6 43. cxb6 Nxb6 44. a5 Nc4 45. Kf1 Kc6 46. Ke2 Kb5 47. Kd3 Ned6 48. Kc3 e5 49. Kd3 f5 50. Kc3 Ka4 51. Kd3 Na3 52. Nxa3 Kxa3 53. b5 Nxb5 54. Kc4 Ka4 55. a6 Ka5 56. Kd5 e4 57. Ke5 g6 58. g4 fxg4 59. hxg4 h5 60. gxh5 gxh5 61. Kxe4 Nc3+ 62. Kf5 Nd5 63. e4 Ne7+ 64. Kg5 Nc6 65. Kxh5 Kxa6 66. Kg6 Kb5 67. Kf6 a5 68. e5 Nxe5 69. Kxe5 a4 70. Kd4 Kb4 71. Kd3 Kb3 0-1

[Event "Attica-ch U10 Girls"]
[Site "Athens"]
[Date "2014.04.13"]
[Round "3.1"]
[White "Ilia, Anastasia"]
[Black "Kouta, Antonia"]
[Result "0-1"]
[WhiteElo "1080"]
[BlackElo "1392"]
[PlyCount "72"]
[EventDate "2014.04.11"]
[EventType "swiss"]
[EventRounds "7"]
[EventCountry "GRE"]
[SourceTitle "EXT 2024"]
[Source "ChessBase"]
[SourceDate "2023.10.10"]
[SourceVersion "1"]
[SourceVersionDate "2023.10.10"]
[SourceQuality "1"]

1. e4 c5 2. Nc3 e6 3. Bc4 a6 4. a4 b6 5. Qe2 Nc6 6. Nf3 d6 7. d3 Bb7 8. 0-0 Qc7 9. Be3 Nf6 10. h3 Be7 11. Rfd1 Rc8 12. Rab1 0-0 13. Rd2 Rfd8 14. Rbd1 d5 15. exd5 exd5 16. Nxd5 Nxd5 17. Bxd5 Rxd5 18. d4 cxd4 19. Nxd4 Rdd8 20. Nxc6 Qxc6 21. f3 Rxd2 22. Bxd2 Bc5+ 23. Kh1 h6 24. b3 Qe8 25. Qf1 a5 26. Re1 Qc6 27. Qd3 Qd6 28. Qe2 Bc6 29. Rd1 Qg6 30. Qc4 Qg3 31. Be1 Qg6 32. Bxa5 Qh5 33. Bc3 Bxf3 34. Qf4 Qxh3+ 35. Qh2 Qxh2+ 36. Kxh2 Bxd1 0-1